The nature of the judicial process, (Record no. 754)
[ view plain ]
| 000 -LEADER | |
|---|---|
| fixed length control field | 00758cam a22001811 4500 |
| 001 - CONTROL NUMBER | |
| control field | 6908309 |
| 005 - DATE AND TIME OF LATEST TRANSACTION | |
| control field | 20241106185835.0 |
| 008 - FIXED-LENGTH DATA ELEMENTS--GENERAL INFORMATION | |
| fixed length control field | 810612s1922 ctu 000 0 eng |
| 050 00 - LIBRARY OF CONGRESS CALL NUMBER | |
| Classification number | KF380 |
| Item number | .C32 1922 |
| 100 1# - MAIN ENTRY--PERSONAL NAME | |
| Personal name | Cardozo, Benjamin N. |
| Fuller form of name | (Benjamin Nathan), |
| Dates associated with a name | 1870-1938. |
| 245 14 - TITLE STATEMENT | |
| Title | The nature of the judicial process, |
| Statement of responsibility, etc. | by Benjamin N. Cardozo, LL.D. |
| 260 ## - PUBLICATION, DISTRIBUTION, ETC. | |
| Place of publication, distribution, etc. | New Haven, |
| Name of publisher, distributor, etc. | Yale university press; [etc., etc.] |
| Date of publication, distribution, etc. | 1922. |
| 300 ## - PHYSICAL DESCRIPTION | |
| Extent | 180 p. |
| Dimensions | 19 cm. |
| 500 ## - GENERAL NOTE | |
| General note | "The addresses contained in this book were delivered in the William L. Storrs lecture series, 1921, before the Law school of Yale university, New Haven, Connecticut." |
| 500 ## - GENERAL NOTE | |
| General note | "Published December, 1921. Second printing, June, 1922." |
| 650 #0 - SUBJECT ADDED ENTRY--TOPICAL TERM | |
| Topical term or geographic name entry element | Judicial process. |
| 942 ## - ADDED ENTRY ELEMENTS (KOHA) | |
| Source of classification or shelving scheme | Library of Congress Classification |
| Koha item type | Books |
| Suppress in OPAC | No |
| 999 ## - | |
| -- | 754 |
| -- | 754 |
| Withdrawn status | Lost status | Source of classification or shelving scheme | Damaged status | Not for loan | Collection | Home library | Current library | Shelving location | Date acquired | Total checkouts | Full call number | Barcode | Date last seen | Copy number | Price effective from | Koha item type |
|---|---|---|---|---|---|---|---|---|---|---|---|---|---|---|---|---|
| Library of Congress Classification | Non-fiction | Law Library (Miotso) | Law Library (Miotso) | General stacks | 11/06/2024 | KF380.C32 CAR | llm00000612 | 11/06/2024 | 1 | 11/06/2024 | Books | |||||
| Library of Congress Classification | Non-fiction | Law Library (Miotso) | Law Library (Miotso) | General stacks | 11/06/2024 | KF380.C32 CAR | llm00000613 | 11/06/2024 | 2 | 11/06/2024 | Books | |||||
| Library of Congress Classification | Non-fiction | Law Library (Miotso) | Law Library (Miotso) | General stacks | 11/06/2024 | KF380.C32 CAR | llm00000614 | 11/06/2024 | 3 | 11/06/2024 | Books |